Divergente (Registro nro. 13034)

Detalles MARC
000 - LÍDER
campo de control de longitud fija 00860nam a2200277 a 4500
003 - IDENTIFICADOR DE NÚMERO DE CONTROL
campo de control OSt
005 - FECHA Y HORA DE LA ÚLTIMA TRANSACCIÓN
campo de control 20210818181854.0
008 - ELEMENTOS DE DATOS DE LONGITUD FIJA - INFORMACIÓN GENERAL
campo de control de longitud fija 131118s2014 sp gr 0001f spa d
020 ## - INTERNATIONAL STANDARD BOOK NUMBER
International Standard Book Number 9788427201187
040 ## - FUENTE DE CATALOGACIÓN
Lenguaje de catalogación spa
041 1# - CÓDIGO DE LENGUAJE
Código de idioma de texto / pista de sonido o título separado spa
Código de idioma del original eng
082 04 - NÚMERO DE CLASIFICACIÓN DECIMAL DEWEY
Número de clasificación 813.54
Número de artículo R845d
100 1# - ENTRADA PRINCIPAL - NOMBRE PERSONAL
Nombre de la persona Roth, Veronica,
Fechas asociadas a un nombre 1988-
245 10 - TÍTULO DECLARACIÓN
Título Divergente
Declaración de responsabilidad Veronica Roth ; traducción de Pilar Ramírez Tello.
250 ## - DECLARACIÓN DE EDICIÓN
Sentencia de edición 22a. ed.
260 ## - PUBLICACIÓN, DISTRIBUCIÓN
Lugar de publicación Barcelona
Nombre del editor RBA Libros
Fecha de publicación 2014
300 ## - DESCRIPCIÓN FÍSICA
Alcance 463 páginas
Dimensiones 21 cm.
534 ## - NOTA DE VERSIÓN ORIGINAL
Frase introductoria Título original :
Declaración de título del original Divergent.
650 ## - ENTRADA DE SUJETO AÑADIDO - TÉRMINO TÓPICO
Término tópico o elemento de entrada del nombre geográfico Novela estadounidense.
650 ## - ENTRADA DE SUJETO AÑADIDO - TÉRMINO TÓPICO
Término tópico o elemento de entrada del nombre geográfico Familia
Subdivisión de forma Novela.
650 ## - ENTRADA DE SUJETO AÑADIDO - TÉRMINO TÓPICO
Término tópico o elemento de entrada del nombre geográfico Clases sociales
Subdivisión de forma Novela.
650 #4 - ENTRADA DE SUJETO AÑADIDO - TÉRMINO TÓPICO
Término tópico o elemento de entrada del nombre geográfico Novela de ciencia ficción.
650 #4 - ENTRADA DE SUJETO AÑADIDO - TÉRMINO TÓPICO
Término tópico o elemento de entrada del nombre geográfico Valentía
Subdivisión de forma Novela.
700 1# - ENTRADA AGREGADA - NOMBRE PERSONAL
Nombre de la persona Ramírez Tello, Pilar,
Término del Relator traductora
942 ## - ELEMENTOS DE ENTRADA AGREGADOS (KOHA)
Fuente de clasificación o esquema de estanterías Dewey Decimal Classification
Parte de clasificación 813.54 R845d
Prefijo del número de llamada 813.54
Sufijo del número de llamada R845d
Existencias
Estado de retirada Pérdida de estatus Fuente de clasificación o esquema de estanterías Estado dañado No para préstamo Código de recogida Ubicación permanente Ubicación actual Ubicación de las estanterías Fecha de adquisición Total de Cajas Número Topográfico Código de barras Precio efectivo desde Número de copia Fecha de la última salida Fecha de la última vez que se vio Tipo de artículo Koha
    Dewey Decimal Classification     General Biblioteca Pública Departamental Comfamiliar Risaralda Biblioteca Pública Departamental Comfamiliar Risaralda Área General 13/02/2018 14 813.54 R845d 22a. Ed. 1002154 13/02/2018 Ej. 1 08/08/2019 06/09/2019 Libro